000 01287pam a2200325Ia 4500
001 ebr10031916
003 CaPaEBR
006 m u
007 cr cn|||||||||
008 911126s1992 nju sb 001 0 eng d
010 _z 91045134
020 _z0691031398
040 _aCaPaEBR
_cCaPaEBR
035 _a(OCoLC)228041388
050 1 4 _aHD8039.D52
_bJ34 1992eb
082 0 4 _a305.5/62/0952
_220
100 1 _aLeupp, Gary P.
245 1 0 _aServants, shophands, and laborers in the cities of Tokugawa Japan
_h[electronic resource] /
_cGary P. Leupp.
260 _aPrinceton, N.J. :
_bPrinceton University Press,
_c1992.
300 _axiii, 237 p.
504 _aIncludes bibliographical references and index.
533 _aElectronic reproduction.
_bPalo Alto, Calif. :
_cebrary,
_d2011.
_nAvailable via World Wide Web.
_nAccess may be limited to ebrary affiliated libraries.
650 0 _aHousehold employees
_zJapan
_xHistory.
650 0 _aManual work
_zJapan
_xHistory.
650 0 _aSweatshops
_zJapan
_xHistory.
650 0 _aMaster and servant
_zJapan
_xHistory.
655 7 _aElectronic books.
_2local
710 2 _aebrary, Inc.
856 4 0 _uhttp://site.ebrary.com/lib/rucke/Doc?id=10031916
_zAn electronic book accessible through the World Wide Web; click to view
999 _c62520
_d62520